00815nam a2200253 a 4500001001300000003000900013005001700022008004100039020001000080082001500090100002300105245003600128260004400164300001000208500003500218505002200253650002300275700002300298902000800321942000700329952010500336952010500441999001500546nice12345678IN_TiNIC20260116011727.0050524s1910 newa grp 000 0 eng  ac10000a220.3bNIC aNicoll, W Robrtson aExpositors Dictionary of Texts. aNew YorkbGeorge H. Doran Companyc1910 a1054p aincludes index and biblioraphy2 aIndex of outlines aBible-Dictionaries1 aNicoll, W Robrtson bRHR cBK 001040708REFaHMIbHMIcREFd2018-08-31g100.00l0o220.3 NICp8226r0000-00-00w2026-01-16yARB 001040708REFaHMIbHMIcREFd2018-08-31g100.00l0o220.3 NICp8227r0000-00-00w2026-01-16yARB c3559d3559